000 nam a22 7a 4500
999 _c8689
_d8689
008 180119b ||||| |||| 00| 0 eng d
100 _aBhanot.D.P.etal
_94875
245 _aAbc of Social Studies
260 _aNew Delhi
_bHoly Faith
_c2008